Diseases of nitrogen fixing trees in developing countries : (Record no. 12225)
[ view plain ]
| 000 -LEADER | |
|---|---|
| fixed length control field | 00505nam a2200193 4500 |
| 005 - DATE AND TIME OF LATEST TRANSACTION | |
| control field | 20150821130615.0 |
| 007 - PHYSICAL DESCRIPTION FIXED FIELD--GENERAL INFORMATION | |
| fixed length control field | 000 |
| 008 - FIXED-LENGTH DATA ELEMENTS--GENERAL INFORMATION | |
| fixed length control field | 000 |
| 020 ## - INTERNATIONAL STANDARD BOOK NUMBER | |
| International Standard Book Number | 0859543757 |
| 040 ## - CATALOGING SOURCE | |
| Original cataloging agency | UOEL |
| 050 ## - LIBRARY OF CONGRESS CALL NUMBER | |
| Classification number | REF SB297 |
| Item number | .D57 |
| 100 ## - MAIN ENTRY--PERSONAL NAME | |
| Personal name | Boa, Eric |
| 245 ## - TITLE STATEMENT | |
| Title | Diseases of nitrogen fixing trees in developing countries : |
| Remainder of title | an annotated list / |
| Statement of responsibility, etc | Eric Boa, Jillian Lenne. |
| 260 ## - PUBLICATION, DISTRIBUTION, ETC. (IMPRINT) | |
| Place of publication, distribution, etc | UK : |
| Name of publisher, distributor, etc | Natural Resources Institute , |
| Date of publication, distribution, etc | c1994. |
| 300 ## - PHYSICAL DESCRIPTION | |
| Extent | 82 p. |
| 650 ## - SUBJECT ADDED ENTRY--TOPICAL TERM | |
| Topical term or geographic name as entry element | trees |
| 700 ## - ADDED ENTRY--PERSONAL NAME | |
| Personal name | Lenne, Jillian |
| 942 ## - ADDED ENTRY ELEMENTS (KOHA) | |
| Source of classification or shelving scheme | Library of Congress Classification |
| Item type | Reference |
| Withdrawn status | Lost status | Source of classification or shelving scheme | Damaged status | Not for loan | Home library | Current library | Shelving location | Date acquired | Total Checkouts | Full call number | Barcode | Date last seen | Copy number | Price effective from | Koha item type |
|---|---|---|---|---|---|---|---|---|---|---|---|---|---|---|---|
| Library of Congress Classification | UOE Main Library | UOE Main Library | Reference | 21/08/2015 | REF SB297 .D57 | 10062539 | 21/08/2015 | 10062539 | 21/08/2015 | Reference | |||||
| Library of Congress Classification | UOE Main Library | UOE Main Library | Reference | 21/08/2015 | REF SB297 .D57 | 10062540 | 21/08/2015 | 10062540 | 21/08/2015 | Reference |
